Impact of climate change on the agricultural sector in Ujjain, M.P., India (Record no. 60724)
[ view plain ]
| 000 -LEADER | |
|---|---|
| fixed length control field | 01598nam a2200205Ia 4500 |
| 100 ## - MAIN ENTRY--AUTHOR NAME | |
| Personal name | Barman Kamal |
| 245 #0 - TITLE STATEMENT | |
| Title | Impact of climate change on the agricultural sector in Ujjain, M.P., India |
| 260 ## - PUBLICATION, DISTRIBUTION, ETC. (IMPRINT) | |
| Name of publisher | Pollution Research |
| Year of publication | 2013 |
| 300 ## - PHYSICAL DESCRIPTION | |
| Number of Pages | 91-96 |
| 520 ## - SUMMARY, ETC. | |
| Summary, etc | This paper estimates the economic impact of climate change on ujjain agriculture. The author has tried to estimate the effect of random year-to-year variation in weather in agriculture output using a ten year district panel data set covering over defferent area locations.These panel estimates incorporate farmers within year adaptations to annual weather shocks. The auther feels that these estimates, derived from short-run weather effects, are also relevent for predicting the medium- run economic impact of climate change if farmers are constrained in their ability to recognize and adapt quickly to changing mean climate. The predicted medium-run impact is negative and statistically significant. It is felt that projected climate change reduces major crop yields by 4.5 to 9;. The log-run impact is dramatic, reducing yields by 25 percent or more in the absenceof log-run adaptation. These results suggest that climate change is likely to impose significant costs on the agriculture economy unless farmers can quickly recognize and adapt to increasing temporatures. |
| 650 ## - SUBJECT ADDED ENTRY--TOPICAL TERM | |
| Topical Term | Agriculture |
| 650 ## - SUBJECT ADDED ENTRY--TOPICAL TERM | |
| Topical Term | Climate change |
| 650 ## - SUBJECT ADDED ENTRY--TOPICAL TERM | |
| Topical Term | Panel data |
| 650 ## - SUBJECT ADDED ENTRY--TOPICAL TERM | |
| Topical Term | UJJain |
| 700 ## - ADDED ENTRY--PERSONAL NAME | |
| Personal name | Sharma K Ashok |
| 700 ## - ADDED ENTRY--PERSONAL NAME | |
| Personal name | Sharma Sarita |
| 700 ## - ADDED ENTRY--PERSONAL NAME | |
| Personal name | Verma Sanjay |
| 942 ## - ADDED ENTRY ELEMENTS (KOHA) | |
| Koha item type | Journals |
| Withdrawn status | Lost status | Damaged status | Not for loan | Home library | Current library | Shelving location | Date acquired | Serial Enumeration / chronology | Koha item type |
|---|---|---|---|---|---|---|---|---|---|
| Journals | RRII Library | RRII Library | Climate change | 24/07/2013 | Volume 32, Issue 1 | Journals |